|
|
|
|
| LEADER |
01139nam a22002897a 4500 |
| 001 |
34735 |
| 003 |
BD-DhAAL |
| 005 |
20211118131005.0 |
| 008 |
190619r20051986ii a|||| |||| 001 0 eng d |
| 999 |
|
|
|c 40688
|d 40688
|
| 020 |
|
|
|a 9788123909158
|
| 040 |
|
|
|a BD-DhAAL
|
| 082 |
|
|
|a 711.4
|2 23
|
| 100 |
|
|
|a Gallion, Arthur B
|9 32661
|
| 245 |
|
|
|a The urban pattern :
|b city planning and design /
|c Arthur B Gallion and Simon Eisner
|
| 250 |
|
|
|a Fifth edition
|
| 260 |
|
|
|a New Delhi, India :
|b CBS Publishers & Distributors,
|c ©1986 [Reprint 2005]
|
| 300 |
|
|
|a xi, 643 pages :
|b illustrations, maps, plans ;
|c 22 cm.
|
| 500 |
|
|
|a Includes index.
|
| 526 |
|
|
|a ARC
|
| 541 |
|
|
|a HYE Trade International
|e 34735
|
| 650 |
|
|
|a City planning.
|9 32662
|
| 650 |
|
|
|a Architecture
|9 42830
|
| 700 |
|
|
|a Eisner, Simon
|9 32663
|
| 852 |
|
|
|a Department of Architecture
|c General Stacks
|
| 942 |
|
|
|2 ddc
|c BK
|
| 952 |
|
|
|0 0
|1 0
|2 ddc
|4 0
|6 711_400000000000000_GAL
|7 0
|9 65553
|a BRACUL
|b BRACUL
|c GEN
|d 2019-06-12
|e Hye Trade International
|g 619.00
|l 1
|m 22
|o 711.4 GAL
|p 3010034735
|r 2026-03-30
|s 2025-07-05
|t 1
|v 619.00
|w 2019-06-12
|y BK
|x Transferred from ARC to BRACUL on 28/12/2023
|